| 000 | 00762nam a22002297a 4500 | ||
|---|---|---|---|
| 999 |
_c14759 _d14759 |
||
| 003 | AR-CdUCM | ||
| 008 | 190424b ||||| |||| 00| 0 spa d | ||
| 020 | _a978-607-618-484-4 | ||
| 040 |
_aMUNICIPALIDAD PROVINCIAL DEL CUSCO _cBIBLIOTECA MUNICIPAL DEL CUSCO |
||
| 041 | _heng | ||
| 082 |
_aPI / 803 / _bF11 |
||
| 110 |
_aAdvanced Marketing _933636 |
||
| 245 |
_aFábulas de Esopo : _bEl perro y su reflejo / |
||
| 260 |
_aMéxico : _bSilver Dolphin, _c2015. |
||
| 300 |
_a16 páginas ; _bilustraciones, _c23.5 cm. |
||
| 650 |
_aLiteratura infantil _9588 |
||
| 650 |
_aCuentos infantiles _93927 |
||
| 650 |
_aAprendizaje infantil _933271 |
||
| 700 |
_aAlanis Tamez, Francisco Javier (traducción) _933637 |
||
| 942 |
_2ddc _cLIBROS |
||
| 945 |
_aachl _d2019-04-24 |
||